Capital and rental valuation of hotels in the UK (Record no. 114440)
[ view plain ]
| 000 -LEADER | |
|---|---|
| fixed length control field | 01028cam a22002415a 4500 |
| 001 - CONTROL NUMBER | |
| control field | L156826 |
| 008 - FIXED-LENGTH DATA ELEMENTS--GENERAL INFORMATION | |
| fixed length control field | 120717s2012 xxk f 000 0 eng d |
| 020 ## - INTERNATIONAL STANDARD BOOK NUMBER | |
| International Standard Book Number | 9781842197752 |
| 035 ## - SYSTEM CONTROL NUMBER | |
| System control number | (Sirsi) u156826 |
| 041 0# - LANGUAGE CODE | |
| Language code of text/sound track or separate title | eng |
| 050 04 - LIBRARY OF CONGRESS CALL NUMBER | |
| Classification number | 333.332 $2 18 |
| 110 2# - MAIN ENTRY--CORPORATE NAME | |
| Corporate name or jurisdiction name as entry element | Royal Institution of Chartered Surveyors |
| 9 (RLIN) | 4900 |
| 245 00 - TITLE STATEMENT | |
| Title | Capital and rental valuation of hotels in the UK |
| 250 ## - EDITION STATEMENT | |
| Edition statement | 2nd ed. |
| 260 ## - PUBLICATION, DISTRIBUTION, ETC. | |
| Place of publication, distribution, etc. | Coventry |
| Name of publisher, distributor, etc. | RICS |
| Date of publication, distribution, etc. | 2012 |
| 490 #0 - SERIES STATEMENT | |
| Series statement | RICS Information Paper |
| Volume/sequential designation | 29/2012 |
| 505 2# - FORMATTED CONTENTS NOTE | |
| Formatted contents note | Introduction -- Valuations of hotels as fully equipped and operational entities -- Licences, consents, certificates and permits -- Valuations for secured lending purposes -- Other property -- Confidentiality. |
| 520 ## - SUMMARY, ETC. | |
| Summary, etc. | Supersedes first edition ISBN# 1842191691. |
| 521 ## - TARGET AUDIENCE NOTE | |
| Target audience note | Advanced |
| 651 #4 - SUBJECT ADDED ENTRY--GEOGRAPHIC NAME | |
| Geographic name | ENGLAND AND WALES |
| 856 40 - ELECTRONIC LOCATION AND ACCESS | |
| Uniform Resource Identifier | <a href="https://www.rics.org/Global/Capital_and_rental_valuation_of_hotels_UK_2nd_edition_PGguidance_2012.pdf">https://www.rics.org/Global/Capital_and_rental_valuation_of_hotels_UK_2nd_edition_PGguidance_2012.pdf</a> |
| Public note | View the item free of charge (member-only access) at www.rics.org... |
| 942 ## - ADDED ENTRY ELEMENTS (KOHA) | |
| Suppress in OPAC | 0 |
| Withdrawn status | Lost status | Source of classification or shelving scheme | Damaged status | Not for loan | Home library | Current library | Shelving location | Date acquired | Total Checkouts | Full call number | Barcode | Date last seen | Copy number | Price effective from | Koha item type |
|---|---|---|---|---|---|---|---|---|---|---|---|---|---|---|---|
| Dewey Decimal Classification | Virtual | Virtual | Online | 17/07/2012 | ONLINE PUBLICATION | 156826-2001 | 06/08/2019 | 1 | 06/08/2019 | Book |